Szczegóły MARC21

Świat oczami sześciolatka : (sprawdzian wiadomości) /

005 -DATA I CZAS OSTATNIEJ MODYFIKACJI [,]
    • @
    • pole kontrolne
    • 20070315155141.9
020 -Międzynarod. znormalizowany nr książki - ISBN [ , ]
    • a
    • Numer ISBN
    • 8390113236 Find
040 -Instytucja sporządzająca opis [ , ]
    • a
    • Instytucja, która sporządziła opis (NP)
    • SZCZ U
    • c
    • Instytucja, która sporządziła rekord (NP)
    • SZCZ U
041 -Język dokumentu [0, ]
    • a
    • Język tekstu (P)
    • polski
    • h
    • Język tekstu oryginalnego i/lub pośredniego (P)
    • polski
942 -Rodzaj dokumentu [ , ]
    • c
    • Rodzaj dokumentu
    • Książka
100 -Hasło główne - nazwa osobowa [ , ]
    • a
    • Nazwa osobowa (NP)
    • ZIELIŃSKA BARBARA
245 -Strefa tytułu i oznaczenia odpowiedzialności [1, ]
    • a
    • Tytuł
    • Świat oczami sześciolatka : Find
    • b
    • Ciąg dalszy tytułu (NP)
    • (sprawdzian wiadomości) / Find
260 -Strefa adresu wydawniczego [ , ]
    • a
    • Miejsce wydania (P)
    • Radom :
    • b
    • Nazwa wydawcy (P)
    • "Ston 1",
    • c
    • Data wydania (P)
    • 1994.
300 -Strefa opisu fizycznego [ , ]
    • a
    • Określenie formy książki i/lub objętość (NP)
    • 39 s. :
    • b
    • Oznaczenie ilustracji (NP)
    • il.,rys. :
    • c
    • Format (NP)
    • 29 cm.
080 -Uniwersalna Klasyfikacja Dziesiętna [ , ]
    • a
    • Symbol klasyfikacji
    • 504(075.2)(076)
980 -Symbol UKD [ , ]
    • a
    • UKD
    • 504(075.2)(076)
920 -ISBN [ , ]
    • a
    • ISBN
    • 83-901132-3-6 Find
Lokalizacja Data inwentaryzacji Numer inwentarzowy Status udost.
BG1996-03-18Pd.88751
BNS1996-03-18Pd.88761